Welcome to the Holygrace Academy Library

Please use search bar below to get started

GATEWAYS TO MONTESSORI THEORY (Record no. 5417)

MARC details
000 -LEADER
fixed length control field 00320nam a22001337a 4500
082 ## - DEWEY DECIMAL CLASSIFICATION NUMBER
Classification number 371.2
Item number JOO/G
100 ## - MAIN ENTRY--AUTHOR NAME
Personal name JOOSTEN, A M
245 ## - TITLE STATEMENT
Title GATEWAYS TO MONTESSORI THEORY
250 ## - EDITION STATEMENT
Edition statement SECOND EDITION
260 ## - PUBLICATION, DISTRIBUTION, ETC. (IMPRINT)
Place of publication BANGALORE
Name of publisher INDIAN MONTESSORI CENTRE
Year of publication 2000
300 ## - PHYSICAL DESCRIPTION
Number of Pages 159
650 ## - SUBJECT ADDED ENTRY--TOPICAL TERM
Topical Term MONTESSORI
Geographic subdivision INDIA
942 ## - ADDED ENTRY ELEMENTS (KOHA)
Koha item type Books
Holdings
Withdrawn status Lost status Collection code Home library Current library Shelving location Date acquired Source of acquisition Full call number Accession Number Koha item type
    Reference Main Library Main Library   11/02/2003 purchase 371.2 JOO/G 01152 Books